书目信息 |
| 题名: |
世界音乐八千年
|
|
| 作者: | 刘新芝 著 | |
| 分册: | ||
| 出版信息: | 拉萨 西藏人民出版社 1995.03 |
|
| 页数: | 245页 | |
| 开本: | 21cm | |
| 丛书名: | 智慧音乐知识丛书 | |
| 单 册: | ||
| 中图分类: | J609.1 | |
| 科图分类: | ||
| 主题词: | 音乐史--世界 | |
| 电子资源: | ||
| ISBN: | 7-223-00641-2 | |
| 000 | 00614nam0 2200217 45 | |
| 001 | 0405170843 | |
| 005 | 20050421142401.7 | |
| 010 | @a7-223-00641-2@dCNY7.20 | |
| 100 | @a20040517d1995 km y0chiy0120 ea | |
| 101 | 0 | @achi |
| 105 | @a z 000yy | |
| 200 | 1 | @a世界音乐八千年@AShi Jie Yin Yue Ba Qian Nian@f刘新芝著@FLiu Xin Zhi Zhu |
| 210 | @a拉萨@c西藏人民出版社@d1995.03 | |
| 215 | @a245页@d21cm | |
| 225 | @a智慧音乐知识丛书 | |
| 410 | @12001 @a智慧音乐知识丛书 | |
| 606 | 0 | @a音乐史@x世界 |
| 690 | @aJ609.1@v3 | |
| 701 | 0 | @a刘新芝@4著 |
| 801 | @aCN@bPftUser@c20040517 | |
| 905 | @dJ609.1@e113@f1@b264571 | |
| 世界音乐八千年/刘新芝著.-拉萨:西藏人民出版社,1995.03 |
| 245页;21cm.-(智慧音乐知识丛书) |
| ISBN 7-223-00641-2:CNY7.20 |
| ● |
| 相关链接 |
|
|
|
|
正题名:世界音乐八千年
索取号:J609.1/113
 
预约/预借
| 序号 | 登录号 | 条形码 | 馆藏地/架位号 | 状态 | 备注 |
| 1 | 0264570 | 000575283 | 第一样本阅览室/ [索取号:J609.1/113] | 在馆 | |
| 2 | 0264571 | 002038468 | 第一借阅区/ [索取号:J609.1/113] | 在馆 | |
| 3 | 0264572 | 000575247 | 第一借阅区/ [索取号:J609.1/113] | 在馆 |